|
|
|
|
| LEADER |
00000naa2a2200000 4500 |
| 001 |
427103 |
| 005 |
20231101074624.0 |
| 035 |
|
|
|a (RuTPU)RU\TPU\prd\86227
|
| 035 |
|
|
|a RU\TPU\prd\11714
|
| 090 |
|
|
|a 427103
|
| 100 |
|
|
|a 20100903a2003 k y0rusy50 ca
|
| 101 |
0 |
|
|a rus
|
| 102 |
|
|
|a RU
|
| 200 |
1 |
|
|a Низкопороговый дискриминатор для камер RPC
|f Е. А. Усенко
|
| 225 |
1 |
|
|a Электроника и радиотехника
|
| 320 |
|
|
|a Библиогр.: 6 назв.
|
| 461 |
|
1 |
|0 (RuTPU)RU\TPU\prd\300
|x 0032-8162
|t Приборы и техника эксперимента
|f Российская академия наук
|d 1956-
|
| 463 |
|
1 |
|0 (RuTPU)RU\TPU\prd\86220
|t № 1
|v с. 40-43
|d 2003
|
| 610 |
1 |
|
|a низкопороговые дискриминаторы
|
| 610 |
1 |
|
|a усилители-дискриминаторы
|
| 610 |
1 |
|
|a считывание информации
|
| 610 |
1 |
|
|a транзмсторы
|
| 610 |
1 |
|
|a электрические схемы
|
| 675 |
|
|
|a 539.1.07
|v 3
|
| 700 |
|
1 |
|a Усенко
|b Е. А.
|
| 801 |
|
1 |
|a RU
|b 63413507
|c 20030320
|g PSBO
|
| 801 |
|
2 |
|a RU
|b 63413507
|c 20100903
|g RCR
|
| 942 |
|
|
|c BK
|